| 000 | 00629nam a2200181Ia 4500 | ||
|---|---|---|---|
| 005 | 20250508155943.0 | ||
| 008 | 008 250505s9999 xx 000 0 eng d | ||
| 037 | _aTextual | ||
| 040 |
_aFEDL _beng _cFEDL |
||
| 041 |
_aeng _2eng |
||
| 084 |
_a370.954, NCE _qFEDL |
||
| 245 | 0 | _aReport of the seminar on the place of values in education held at teacher's training college (B H U) Varanasi | |
| 245 | 0 | _cNCERT (New Delhi India) | |
| 260 |
_aNew Delhi, India _bNational Council of Educational Research and Training _c1967 |
||
| 650 | _aEducation | ||
| 942 |
_cTEXL _h370.954, NCE |
||
| 999 |
_c1360390 _d1360390 |
||